000
00252nam a2200097 a 4500
005
20200930080349.0
008
120412s1888 000 spa d
245
0
_a
Abrégué de l' histoire d' Haiti.
260
_a
Port-au-prince,
_c
1888.
999
_c
36917
_d
36917
040
_a
DO-SdBNP